PEOPLE POLICIES AUDIT (Record no. 28487)
[ view plain ]
| 000 -LEADER | |
|---|---|
| fixed length control field | 00340nam a2200133Ia 4500 |
| 008 - FIXED-LENGTH DATA ELEMENTS--GENERAL INFORMATION | |
| fixed length control field | 240624s9999 xx 000 0 und d |
| 041 ## - LANGUAGE CODE | |
| Language code of text/sound track or separate title | eng |
| 082 ## - DEWEY DECIMAL CLASSIFICATION NUMBER | |
| Classification number | 657.45 PHE |
| 100 ## - MAIN ENTRY--PERSONAL NAME | |
| Personal name | PHELPS MAURICE A |
| 245 ## - TITLE STATEMENT | |
| Title | PEOPLE POLICIES AUDIT |
| 260 ## - PUBLICATION, DISTRIBUTION, ETC. | |
| Place of publication, distribution, etc. | UK |
| Name of publisher, distributor, etc. | Cambridge Strategy Publications Ltd |
| 300 ## - PHYSICAL DESCRIPTION | |
| Extent | 70 : p. : cm. ; 29 |
| 365 ## - TRADE PRICE | |
| Currency code | RS |
| Price amount | 50 |
| Withdrawn status | Lost status | Damaged status | Not for loan | Home library | Current library | Shelving location | Date acquired | Source of acquisition | Cost, normal purchase price | Full call number | Barcode | Date last seen | Copy number | Price effective from | Koha item type |
|---|---|---|---|---|---|---|---|---|---|---|---|---|---|---|---|
| IMTN | IMTN | Rack 22-A | 01/23/2017 | BKI | 1495.00 | 657.45 PHE | 28487 | 06/24/2024 | 1 | 06/24/2024 | Books |